000 00425nam a22001697a 4500
003 NUST - PNEC
005 20170116180837.0
008 150811b xxu||||| |||| 00| 0 eng d
020 _a8173190143
040 _cLIBRARY
082 _a535.2 MIL
100 _95095
_aMills, D. L.
245 _aNonlinear optics : basic concepts
_c D. L. Mills,
260 _cc 1991
650 _95096
_aNonlinear optics
_x-
942 _2ddc
_cBK
999 _c64272
_d64272